|
|
|
|
| LEADER |
01551nam a2200361 a 4500 |
| 001 |
EBC3398942 |
| 003 |
MiAaPQ |
| 005 |
20200520144314.0 |
| 006 |
m o d | |
| 007 |
cr cn||||||||| |
| 008 |
130425s1994 fr ad sb 000 0 fre d |
| 020 |
|
|
|z 2853623955
|
| 020 |
|
|
|z 9782853623957
|
| 020 |
|
|
|z 9782759206971 (e-book)
|
| 035 |
|
|
|a (MiAaPQ)EBC3398942
|
| 035 |
|
|
|a (Au-PeEL)EBL3398942
|
| 035 |
|
|
|a (CaPaEBR)ebr10686460
|
| 035 |
|
|
|a (OCoLC)923343726
|
| 040 |
|
|
|a MiAaPQ
|c MiAaPQ
|d MiAaPQ
|
| 050 |
|
4 |
|a S561
|b .M67 1994
|
| 100 |
1 |
|
|a Morardet, Sylvie.
|
| 245 |
1 |
0 |
|a Pratiques et strategies foncieres des agriculteurs
|h [electronic resource] :
|b Un outil d'analyse pour l'amenagement des zones fragiles /
|c Sylvie Morardet.
|
| 250 |
|
|
|a 1ere ed.
|
| 260 |
|
|
|a [Versailles] :
|b Cemagref,
|c 1994.
|
| 300 |
|
|
|a 292 p. :
|b ill.
|
| 490 |
0 |
|
|a Serie Gestion des Territoires ;
|v no 14
|
| 500 |
|
|
|a Document remanie a partir d'une These de Doctorat en Analyse et Politique Economiques de l'Universite de Bourgogne, Dijon, realisee sous la direction de Jacques Brossier, Directeur de recherche a l'INRA SAD Versailles, Dijon, Mirecourt.
|
| 504 |
|
|
|a Includes bibliographical references.
|
| 533 |
|
|
|a Electronic reproduction. Ann Arbor, MI : ProQuest, 2015. Available via World Wide Web. Access may be limited to ProQuest affiliated libraries.
|
| 650 |
|
0 |
|a Farm management.
|
| 655 |
|
4 |
|a Electronic books.
|
| 710 |
2 |
|
|a ProQuest (Firm)
|
| 856 |
4 |
0 |
|u https://ebookcentral.proquest.com/lib/matrademy/detail.action?docID=3398942
|z Click to View
|